[Event "7th Sunway Sitges 2020"]
[Site "Sitges ESP"]
[Date "2020.12.23"]
[Round "10.3"]
[White "Grigoryan, Karen H."]
[Black "Dardha, Daniel"]
[Result "1/2-1/2"]
[WhiteTitle "GM"]
[BlackTitle "IM"]
[WhiteElo "2651"]
[BlackElo "2485"]
[WhiteFideId "13301004"]
[BlackFideId "240990"]
[EventDate "2020.12.13"]

1. d4 Nf6 2. c4 e6 3. Nc3 Bb4 4. Qc2 d5 5. cxd5 Qxd5 6. Nf3 Qf5 7. Qb3 c5 8. a3
Ba5 9. Bd2 O-O 10. dxc5 Qxc5 11. Rc1 Ne4 12. e3 Rd8 13. Bc4 Nxd2 14. Nxd2 a6 15.
Qc2 Qe7 16. b4 Bc7 17. Bd3 h6 18. Nd5 Rxd5 19. Qxc7 Qxc7 20. Rxc7 Nc6 21. Ke2
Rd7 22. Rxd7 Bxd7 23. Nc4 Rd8 24. Rb1 Kf8 25. a4 Ke7 26. b5 axb5 27. axb5 Na7
28. b6 Nc6 29. f4 f6 30. Nd2 Ra8 31. Rb2 g5 32. Nb3 gxf4 33. exf4 Ra3 34. Kd2
Kd6 35. Be4 Ra6 36. Nc1 Kc5 37. Ke3 Nb4 38. Bxb7 Rxb6 39. Nb3+ Kc4 40. Nd2+ Kb5
41. Bf3 Bc6 42. Rb3 Bxf3 43. Kxf3 f5 44. Kg3 Kc5 45. Kh4 Ra6 46. g3 Ra2 47. Nf3
Nc6 48. Rd3 e5 49. Rc3+ Kd5 50. fxe5 Nxe5 51. h3 Nxf3+ 52. Rxf3 Ke6 53. Kh5 Rh2
54. h4 Rh3 55. Ra3 Kf7 56. Kxh6 f4 57. Ra7+ Kf6 58. Ra6+ Kf5 59. Ra5+ Kf6 60.
Ra6+ Ke5 1/2-1/2

[Event "7th Sunway Sitges 2020"]
[Site "Sitges ESP"]
[Date "2020.12.23"]
[Round "10.4"]
[White "Fier, Alexandr"]
[Black "Niemann, Hans Moke"]
[Result "1-0"]
[WhiteTitle "GM"]
[BlackTitle "IM"]
[WhiteElo "2549"]
[BlackElo "2478"]
[WhiteFideId "2107139"]
[BlackFideId "2093596"]
[EventDate "2020.12.13"]

1. e4 e5 2. Nf3 Nc6 3. Bb5 a6 4. Ba4 Nf6 5. O-O Be7 6. Re1 b5 7. Bb3 O-O 8. a4
Bb7 9. d3 d6 10. Nc3 Na5 11. Ba2 b4 12. Ne2 c5 13. Ng3 Bc8 14. c3 Rb8 15. d4
cxd4 16. cxd4 b3 17. Bb1 Bg4 18. dxe5 dxe5 19. h3 Be6 20. Nxe5 Bb4 21. Rf1 Bd6
22. Nd3 Bxg3 23. fxg3 Nxe4 24. Qe1 f5 25. Bf4 Rc8 26. Nf2 Nc5 27. Nd3 Bc4 28.
Nxc5 Bxf1 29. Ne6 Qd5 30. Kxf1 Rfe8 31. Qd2 Qxe6 32. Qxa5 Qe2+ 33. Kg1 Qxb2 34.
Qxf5 Qd4+ 35. Kh2 g6 36. Qd3 Qxa1 37. Qxb3+ Kh8 38. Qb7 a5 39. h4 Qf6 40. Bd3
Qg7 41. Qb6 Re1 42. Bg5 Rf8 43. Bd2 Re7 44. Qxa5 Rc8 45. Qa6 Rf8 46. Bb4 Rc7 47.
Bxf8 Qxf8 48. Qb6 Qc5 49. Qf6+ Rg7 50. Be4 Qe7 51. Qd4 Qd7 52. Qb4 Qe7 53. Qd4
Qa7 54. Qc4 Rc7 55. Qd5 Qc5 56. Qd8+ Kg7 57. Bd5 Qe7 58. Qb8 Ra7 59. Qb5 Qd8 60.
Bb3 Qd2 61. Qe5+ Kh6 62. g4 Rd7 63. Bc4 Qf2 64. Kh3 1-0

[Event "7th Sunway Sitges 2020"]
[Site "Sitges ESP"]
[Date "2020.12.23"]
[Round "10.5"]
[White "Sochacki, Christophe"]
[Black "Nevednichy, Vladislav"]
[Result "0-1"]
[WhiteTitle "IM"]
[BlackTitle "GM"]
[WhiteElo "2469"]
[BlackElo "2546"]
[WhiteFideId "662569"]
[BlackFideId "1205730"]
[EventDate "2020.12.13"]

1. e4 c5 2. Nf3 e6 3. d4 cxd4 4. Nxd4 a6 5. Nc3 Qc7 6. a3 Nc6 7. Be3 Nf6 8. f4
d6 9. Qf3 Be7 10. Bd3 Nxd4 11. Bxd4 O-O 12. O-O e5 13. Be3 exf4 14. Qxf4 Be6 15.
Nd5 Bxd5 16. exd5 Rae8 17. Bd4 Nd7 18. Bxh7+ Kxh7 19. Bxg7 Kxg7 20. Qg4+ Kh8 21.
Rf3 Nf6 22. Rh3+ Nh7 23. Qf5 Bh4 24. Rxh4 f6 25. Rf1 Re5 26. Qd3 Rf7 27. b4 Qe7
28. Rf3 Rg7 29. g3 Kg8 30. Rc4 Qd7 31. Qc3 Re8 32. Re3 Rge7 33. Rxe7 Rxe7 34.
Qf3 Re5 35. h4 Qh3 36. Kf2 Qh2+ 37. Kf1 Qh3+ 38. Kf2 Rf5 39. Rf4 Qh2+ 40. Ke3
Rxf4 41. Qxf4 Qg1+ 42. Ke4 Qh1+ 43. Kd4 Qd1+ 44. Kc3 Qxd5 45. Qg4+ Kh8 46. Qc8+
Kg7 47. Qg4+ Kh6 48. Qf4+ Kh5 49. g4+ Kg6 50. Qd4 Qe5 51. Kd3 d5 52. c4 Qg3+ 53.
Kd2 dxc4 54. Qxc4 Qxh4 55. Qe4+ Kh6 56. Qxb7 Qf2+ 57. Kc3 Qe3+ 58. Kc2 Qe2+ 59.
Kc3 Ng5 60. Qh1+ Kg7 61. a4 Nf3 62. b5 a5 63. b6 Qd2+ 64. Kb3 Qb4+ 65. Ka2 Qxa4+
66. Kb2 Qb4+ 67. Ka2 Qc4+ 68. Kb2 Qd4+ 69. Ka2 Qd5+ 70. Ka1 a4 71. g5 Qd4+ 72.
Ka2 Qc4+ 73. Ka1 Qc3+ 74. Ka2 Qb3+ 75. Ka1 Qa3+ 76. Kb1 fxg5 77. Qg2 Qb4+ 78.
Kc1 Qc3+ 79. Kd1 a3 80. Qa2 Qd3+ 81. Kc1 Nd4 0-1

[Event "7th Sunway Sitges 2020"]
[Site "Sitges ESP"]
[Date "2020.12.23"]
[Round "10.6"]
[White "Mendonca, Leon Luke"]
[Black "Checa, Nicolas"]
[Result "1/2-1/2"]
[WhiteTitle "IM"]
[BlackTitle "GM"]
[WhiteElo "2530"]
[BlackElo "2527"]
[WhiteFideId "35028561"]
[BlackFideId "2069342"]
[EventDate "2020.12.13"]

1. d4 d5 2. c4 c6 3. Nf3 Nf6 4. Nc3 a6 5. c5 Nbd7 6. Bf4 Nh5 7. Bd2 g6 8. e4
dxe4 9. Nxe4 Ndf6 10. Nc3 Be6 11. Be2 Qc7 12. Ne5 Rd8 13. Be3 Ng7 14. Bf4 Ngh5
15. Be3 Ng7 16. Bf4 Ngh5 17. Be3 1/2-1/2

[Event "7th Sunway Sitges 2020"]
[Site "Sitges ESP"]
[Date "2020.12.23"]
[Round "10.7"]
[White "Korobov, Anton"]
[Black "Maurizzi, Marc Andria"]
[Result "1-0"]
[WhiteTitle "GM"]
[BlackTitle "IM"]
[WhiteElo "2693"]
[BlackElo "2445"]
[WhiteFideId "14105730"]
[BlackFideId "36083534"]
[EventDate "2020.12.13"]

1. c4 c6 2. Nc3 d5 3. d4 Nf6 4. cxd5 cxd5 5. Bg5 Nc6 6. Bxf6 gxf6 7. e3 a6 8.
Bd3 e5 9. Nge2 Be6 10. O-O h5 11. Bc2 h4 12. dxe5 h3 13. g3 fxe5 14. Bb3 d4 15.
exd4 exd4 16. Bxe6 dxc3 17. Bxf7+ Kxf7 18. Qb3+ Kg7 19. Nf4 Nd4 20. Qxb7+ Kg8
21. bxc3 Rh7 22. Qe4 Nb5 23. Ne6 Qc8 24. Rae1 Qb7 25. Qg4+ Kh8 26. Nf4 Qg7 27.
Ng6+ Kg8 28. Re5 Nd6 29. Rg5 Nf7 30. Ne7+ Bxe7 31. Rxg7+ Rxg7 32. Qxh3 Rd8 33.
Qe6 Bc5 34. Qxa6 Nd6 35. Qc6 Ba7 36. Rd1 Rgd7 37. Rd2 1-0

[Event "7th Sunway Sitges 2020"]
[Site "Sitges ESP"]
[Date "2020.12.23"]
[Round "10.8"]
[White "Stefanova, Antoaneta"]
[Black "Lagarde, Maxime"]
[Result "0-1"]
[WhiteTitle "GM"]
[BlackTitle "GM"]
[WhiteElo "2466"]
[BlackElo "2651"]
[WhiteFideId "2902257"]
[BlackFideId "662399"]
[EventDate "2020.12.13"]

1. d4 d6 2. Nf3 g6 3. g3 Bg7 4. Bg2 f5 5. Nc3 Nf6 6. Bf4 c6 7. Qd2 h6 8. h4 Be6
9. O-O Nbd7 10. Rfe1 Bd5 11. Nxd5 cxd5 12. c3 Rc8 13. Nh2 Ne4 14. Qd1 g5 15.
hxg5 hxg5 16. Bxe4 dxe4 17. Bxg5 Bf6 18. Bxf6 Nxf6 19. Kg2 Qd7 20. Rh1 Kf7 21.
Qb3+ d5 22. f4 Rcg8 23. e3 Qe6 24. Rag1 Qa6 25. Qc2 Qxa2 26. Qe2 Qb3 27. Nf1 Ng4
28. Nh2 Nxe3+ 29. Qxe3 Qxb2+ 30. Qf2 Rxg3+ 31. Kf1 Qb1+ 32. Qe1 Rxg1+ 33. Rxg1
Qxe1+ 34. Kxe1 Rxh2 0-1

[Event "7th Sunway Sitges 2020"]
[Site "Sitges ESP"]
[Date "2020.12.23"]
[Round "10.9"]
[White "Vasquez Schroeder, Rodrigo"]
[Black "Santos Ruiz, Miguel"]
[Result "0-1"]
[WhiteTitle "GM"]
[BlackTitle "GM"]
[WhiteElo "2459"]
[BlackElo "2581"]
[WhiteFideId "3400042"]
[BlackFideId "22291482"]
[EventDate "2020.12.13"]

1. Nf3 d5 2. e3 Nf6 3. c4 e6 4. b3 b6 5. Bb2 Bb7 6. Nc3 Nbd7 7. Rc1 a6 8. cxd5
exd5 9. d4 Bd6 10. g3 Qe7 11. Bg2 h5 12. Qe2 O-O-O 13. Nh4 g6 14. O-O Ne4 15.
Qc2 Kb8 16. a4 Qe6 17. Bxe4 dxe4 18. d5 Qe7 19. Nxe4 Rhe8 20. Nxd6 Qxd6 21. Rfd1
Bxd5 22. e4 Bxe4 23. Qc4 Qc5 24. Qxf7 Rf8 25. Rxd7 Rxd7 0-1

[Event "7th Sunway Sitges 2020"]
[Site "Sitges ESP"]
[Date "2020.12.23"]
[Round "10.10"]
[White "Gines Esteo, Pedro Antonio"]
[Black "Plat, Vojtech"]
[Result "1/2-1/2"]
[WhiteTitle "IM"]
[BlackTitle "GM"]
[WhiteElo "2437"]
[BlackElo "2552"]
[WhiteFideId "32080190"]
[BlackFideId "325740"]
[EventDate "2020.12.13"]

1. d4 d5 2. c4 Nc6 3. Nf3 Bg4 4. Qa4 Bxf3 5. exf3 dxc4 6. Bxc4 e6 7. Nc3 Bb4 8.
Bb5 Bxc3+ 9. bxc3 Ne7 10. Bg5 Qd6 11. Bxe7 Kxe7 12. O-O Rhb8 13. Rfe1 Kf8 14.
Bxc6 Qxc6 15. Qxc6 bxc6 16. Rab1 Rb6 17. Rb3 Rab8 18. Reb1 Ke7 19. Kf1 Kd6 20.
Ke2 c5 21. Kd3 Kd5 22. Rxb6 axb6 23. dxc5 Kxc5 24. a4 Rd8+ 25. Kc2 Ra8 26. Rb5+
Kd6 27. Rb4 Ra5 28. h4 Re5 29. Kd2 Rd5+ 30. Kc2 e5 31. f4 exf4 32. Rxf4 f5 33.
Rd4 Rxd4 34. cxd4 Kd5 35. Kc3 g6 36. Kd3 h6 37. Kc3 g5 38. hxg5 hxg5 39. Kd3 c6
40. f3 Ke6 41. Kc4 Kd6 42. Kc3 1/2-1/2

[Event "7th Sunway Sitges 2020"]
[Site "Sitges ESP"]
[Date "2020.12.23"]
[Round "10.11"]
[White "Cuenca Jimenez, Jose Fernando"]
[Black "Souhardo, Basak"]
[Result "1/2-1/2"]
[WhiteTitle "GM"]
[WhiteElo "2528"]
[BlackElo "2276"]
[WhiteFideId "2255570"]
[BlackFideId "35092910"]
[EventDate "2020.12.13"]

1. c4 e6 2. Nc3 Bb4 3. d4 Nf6 4. g3 O-O 5. Bg2 d5 6. Nf3 c5 7. dxc5 Na6 8. O-O
Nxc5 9. Qd4 Qa5 10. cxd5 Bxc3 11. Qxc3 Qxc3 12. bxc3 exd5 13. Ba3 b6 14. c4 Bb7
15. cxd5 Bxd5 16. Bb2 Nce4 17. a3 Rac8 18. Rac1 Bb3 19. Nd4 Nd2 20. Rxc8 Rxc8
21. Rc1 Rc5 22. Rxc5 bxc5 23. Nxb3 Nxb3 24. e3 Nd2 25. Bc1 Nb3 26. Bb2 Nd2 27.
Bc6 c4 28. f3 Nb3 29. Bb5 Nd2 30. Bc6 Nb3 31. e4 Kf8 32. Bb5 Nd2 33. Kf2 c3 34.
Bxc3 Ndxe4+ 35. fxe4 Nxe4+ 36. Ke3 Nxc3 37. Bc6 Ke7 38. Kd3 Nb1 39. a4 Kd6 40.
Be8 Kc5 1/2-1/2

[Event "7th Sunway Sitges 2020"]
[Site "Sitges ESP"]
[Date "2020.12.23"]
[Round "10.12"]
[White "Dragnev, Valentin"]
[Black "Romanishin, Oleg M"]
[Result "1-0"]
[WhiteTitle "GM"]
[BlackTitle "GM"]
[WhiteElo "2564"]
[BlackElo "2402"]
[WhiteFideId "1634852"]
[BlackFideId "14100088"]
[EventDate "2020.12.13"]

1. e4 e5 2. Nf3 Nc6 3. Bb5 a6 4. Ba4 Nf6 5. O-O Be7 6. Re1 b5 7. Bb3 d6 8. c3
O-O 9. h3 a5 10. d4 a4 11. Bc2 Bd7 12. Na3 Rb8 13. Bd3 b4 14. Nc4 bxc3 15. bxc3
exd4 16. cxd4 d5 17. exd5 Nb4 18. Bf1 Nbxd5 19. Nce5 Be8 20. Nd3 Nb4 21. Ba3
Nfd5 22. Qd2 Bd6 23. Nxb4 Bxb4 24. Bxb4 Rxb4 25. Rac1 Rb6 26. Qa5 Rd6 27. Rc5
Bc6 28. Rec1 Ba8 29. Ne5 Nf4 30. Qxc7 Rxd4 31. Qxd8 Rfxd8 32. Bc4 Bd5 33. Nc6
Bxc6 34. Rxc6 Nd3 35. Rd1 Kf8 36. Bb5 Ne5 37. Rxd4 Rxd4 38. Ra6 Rd1+ 39. Kh2 Rd2
40. f4 Nf3+ 41. Kg3 Ne1 42. Ra8+ 1-0

[Event "7th Sunway Sitges 2020"]
[Site "Sitges ESP"]
[Date "2020.12.23"]
[Round "10.13"]
[White "Maze, Sebastien"]
[Black "Alvarez Albiol, Victor"]
[Result "1-0"]
[WhiteTitle "GM"]
[WhiteElo "2557"]
[BlackElo "2206"]
[WhiteFideId "613762"]
[BlackFideId "32065930"]
[EventDate "2020.12.13"]

1. e4 c5 2. Nf3 d6 3. Bb5+ Bd7 4. Bxd7+ Nxd7 5. O-O Ngf6 6. Qe2 Rc8 7. b3 g6 8.
Bb2 Bg7 9. c4 O-O 10. d4 cxd4 11. Nxd4 a6 12. Nc3 Re8 13. Rfd1 Qa5 14. Rac1 Nc5
15. f3 e6 16. Nc2 Qc7 17. Ne3 Red8 18. g3 h5 19. Kg2 h4 20. Ncd5 Nxd5 21. cxd5
Bxb2 22. Qxb2 e5 23. Qd2 a5 24. Ng4 b5 25. Qg5 h3+ 26. Kxh3 Qa7 27. Kg2 Kf8 28.
h4 Qe7 29. Qh6+ Ke8 30. h5 Kd7 31. hxg6 Rh8 32. Qg7 Rcf8 33. Rxc5 dxc5 34. d6
Qe6 35. Qxe5 fxg6 36. Qg7+ Ke8 37. Qc7 Qd7 38. Qxd7+ Kxd7 39. Ne5+ 1-0

[Event "7th Sunway Sitges 2020"]
[Site "Sitges ESP"]
[Date "2020.12.23"]
[Round "10.14"]
[White "Martin Duque, Jesus"]
[Black "Krysa, Leandro"]
[Result "1-0"]
[WhiteTitle "IM"]
[BlackTitle "GM"]
[WhiteElo "2414"]
[BlackElo "2544"]
[WhiteFideId "2208954"]
[BlackFideId "116807"]
[EventDate "2020.12.13"]

1. e4 e5 2. Nf3 Nc6 3. Bb5 a6 4. Ba4 Nf6 5. O-O b5 6. Bb3 Bc5 7. d3 d6 8. c3 O-O
9. Bg5 h6 10. Bh4 g5 11. Bg3 Bg4 12. Nbd2 Rb8 13. Re1 Ne8 14. h3 Bh5 15. Nxe5
Bxd1 16. Nxc6 Qf6 17. Raxd1 Rc8 18. d4 Bb6 19. Bd5 Kh8 20. e5 Qg7 21. exd6 Nxd6
22. Re7 Qg6 23. Ne5 Qf6 24. Re1 Qf5 25. Ne4 Nxe4 26. Bxe4 Qf6 27. Nc6 Qg7 28.
Bf5 Kg8 29. Be5 f6 30. Rxg7+ Kxg7 31. Bxc8 fxe5 32. Bg4 exd4 33. Nxd4 1-0

[Event "7th Sunway Sitges 2020"]
[Site "Sitges ESP"]
[Date "2020.12.23"]
[Round "10.15"]
[White "Lopez Martinez, Josep Manuel"]
[Black "Garcia Ramos, Daniel"]
[Result "0-1"]
[WhiteTitle "GM"]
[BlackTitle "FM"]
[WhiteElo "2542"]
[BlackElo "2380"]
[WhiteFideId "2212943"]
[BlackFideId "32010311"]
[EventDate "2020.12.13"]

1. c4 c6 2. Nf3 Nf6 3. Nc3 d5 4. e3 e6 5. b3 Nbd7 6. Bb2 Bd6 7. Qc2 Qe7 8. Be2
O-O 9. O-O b6 10. cxd5 cxd5 11. Nb5 Ba6 12. a4 Rfc8 13. Qb1 Bb4 14. Rc1 Nc5 15.
Be5 Nce4 16. Rxc8+ Rxc8 17. Qb2 Ng4 18. Bxg7 f6 19. h3 Qxg7 20. hxg4 Qxg4 21.
Rc1 Rf8 22. d3 Bxb5 23. axb5 Ng5 24. Nd4 Qh4 25. Rc6 Kh8 26. g3 Rg8 27. Nf5 Nh3+
28. Kg2 exf5 29. Rxf6 d4 30. Rxf5 Bc3 31. Rf8 Rxf8 0-1

[Event "7th Sunway Sitges 2020"]
[Site "Sitges ESP"]
[Date "2020.12.23"]
[Round "10.16"]
[White "Ootes, Lars"]
[Black "Bellahcene, Bilel"]
[Result "1/2-1/2"]
[WhiteTitle "IM"]
[BlackTitle "GM"]
[WhiteElo "2373"]
[BlackElo "2510"]
[WhiteFideId "1019708"]
[BlackFideId "696358"]
[EventDate "2020.12.13"]

1. e4 c5 2. Nf3 d6 3. d4 cxd4 4. Nxd4 Nf6 5. Nc3 a6 6. Bg5 Nbd7 7. Bc4 Qb6 8.
Bb3 e6 9. Qd2 Be7 10. O-O-O Nc5 11. Rhe1 Qc7 12. f4 h6 13. e5 dxe5 14. fxe5 hxg5
15. exf6 Bxf6 16. Nd5 Qd8 17. Bc4 O-O 18. Nxf6+ Qxf6 19. Qa5 b5 20. Bxb5 Nb7 21.
Qa3 e5 22. Rf1 Qb6 23. Nc6 Qxb5 24. Qf3 Qc5 25. b4 g4 26. Qe4 Qb6 27. Ne7+ Kh8
28. Ng6+ Kg8 29. Ne7+ Kh8 30. Ng6+ Kg8 31. Ne7+ 1/2-1/2

[Event "7th Sunway Sitges 2020"]
[Site "Sitges ESP"]
[Date "2020.12.23"]
[Round "10.17"]
[White "Ayats Llobera, Gerard"]
[Black "Narciso Dublan, Marc"]
[Result "1/2-1/2"]
[WhiteTitle "IM"]
[BlackTitle "GM"]
[WhiteElo "2400"]
[BlackElo "2495"]
[WhiteFideId "32067607"]
[BlackFideId "2201500"]
[EventDate "2020.12.13"]

1. e4 e6 2. d4 d5 3. Nd2 Nf6 4. e5 Nfd7 5. Bd3 c5 6. c3 b6 7. Ne2 Ba6 8. Bxa6
Nxa6 9. Nf4 Nc7 10. Qg4 g6 11. h4 h5 12. Qh3 Nb8 13. g4 hxg4 14. Qxg4 Nc6 15.
Nf3 cxd4 16. cxd4 Qd7 17. Be3 O-O-O 18. O-O-O Na5 19. Kb1 Kb7 20. Ng5 Rc8 21. h5
gxh5 22. Rxh5 Rg8 23. Nd3 Nc4 24. Qf3 Be7 25. Nxf7 Rg7 26. Bh6 Rh7 27. Be3 Rxh5
28. Qxh5 Nb5 29. Rc1 Nba3+ 30. bxa3 Qb5+ 31. Ka1 Nxe3 32. fxe3 Qxd3 33. Rxc8 1/2-1/2

[Event "7th Sunway Sitges 2020"]
[Site "Sitges ESP"]
[Date "2020.12.23"]
[Round "10.18"]
[White "Msellek, Ilyass"]
[Black "Batsiashvili, Nino"]
[Result "0-1"]
[WhiteTitle "FM"]
[BlackTitle "GM"]
[WhiteElo "2316"]
[BlackElo "2466"]
[WhiteFideId "675938"]
[BlackFideId "13602993"]
[EventDate "2020.12.13"]

1. e4 e5 2. Nf3 Nc6 3. Bb5 a6 4. Ba4 Nf6 5. O-O b5 6. Bb3 Bc5 7. a4 Rb8 8. c3 d6
9. d4 Bb6 10. a5 Ba7 11. h3 Bb7 12. Re1 O-O 13. Be3 exd4 14. cxd4 Nb4 15. d5
Bxe3 16. Rxe3 c5 17. Nbd2 Re8 18. Qb1 Bc8 19. Nf1 Nh5 20. Qe1 Rb7 21. Qc3 Nf4
22. Ng3 h5 23. Ne2 Ng6 24. Ng3 h4 25. Nh5 f6 26. Bd1 Rbe7 27. Nd2 Re5 28. g4 Qc7
29. Bf3 Qf7 30. Kh2 Rg5 31. Be2 Rge5 32. Bf3 Nf8 33. Rae1 Qg6 34. Bd1 Qh6 35.
Nf3 Rxh5 36. gxh5 Qxh5 37. Rg1 Qh6 38. Nd2 Ng6 39. Bg4 Bxg4 40. Rxg4 Ne5 41. Rg2
f5 42. f3 Nc2 43. Ree2 Nd4 44. Qe3 Qxe3 45. Rxe3 f4 46. Ree2 Nxe2 47. Rxe2 c4
48. Kg2 Rc8 49. Nb1 b4 50. Rc2 Rc5 51. Nd2 Rxa5 52. Nxc4 Rc5 53. b3 a5 54. Ra2
Nxc4 55. bxc4 Rxc4 0-1

[Event "7th Sunway Sitges 2020"]
[Site "Sitges ESP"]
[Date "2020.12.23"]
[Round "10.19"]
[White "Lever, Erwan"]
[Black "Bulmaga, Irina"]
[Result "0-1"]
[BlackTitle "IM"]
[WhiteElo "2200"]
[BlackElo "2424"]
[WhiteFideId "20640099"]
[BlackFideId "13903063"]
[EventDate "2020.12.13"]

1. d4 Nf6 2. c4 e6 3. g3 d5 4. Nf3 dxc4 5. Bg2 a6 6. O-O Nc6 7. e3 Rb8 8. Nfd2
e5 9. Bxc6+ bxc6 10. dxe5 Ng4 11. Nxc4 Be6 12. Nbd2 Bb4 13. b3 h5 14. h3 Bc3 15.
Ba3 Bxa1 16. Qxa1 h4 17. hxg4 hxg3 18. Nf3 Qd3 19. Ncd2 Bd5 20. e6 f6 21. g5 g2
22. gxf6 gxf1=Q+ 23. Nxf1 Qg6+ 24. Ng3 gxf6 25. Qd4 Rd8 26. Qb4 Qg7 27. e7 Bxf3
28. exd8=Q+ Kxd8 29. Kf1 Qh7 30. Qd4+ Kc8 31. Ke1 Qb1+ 32. Kd2 Rd8 0-1

[Event "7th Sunway Sitges 2020"]
[Site "Sitges ESP"]
[Date "2020.12.23"]
[Round "10.20"]
[White "Jimenez Ruano, Adrian"]
[Black "Travadon, Loic"]
[Result "0-1"]
[WhiteTitle "FM"]
[BlackTitle "IM"]
[WhiteElo "2279"]
[BlackElo "2421"]
[WhiteFideId "22276050"]
[BlackFideId "26092131"]
[EventDate "2020.12.13"]

1. d4 d5 2. c4 e6 3. Nc3 c6 4. Nf3 dxc4 5. a4 Bb4 6. e3 b5 7. Bd2 a5 8. axb5
Bxc3 9. Bxc3 cxb5 10. b3 Bb7 11. bxc4 b4 12. Bb2 Nf6 13. Bd3 O-O 14. O-O Nbd7
15. Nd2 Qc7 16. f4 a4 17. Rb1 b3 18. Ba3 Rfd8 19. Qe2 Nf8 20. f5 exf5 21. Rxf5
Ng6 22. Rbf1 Re8 23. d5 Rad8 24. Bb2 Rd6 25. Qf2 Ng4 26. Qg3 Nh6 27. e4 Bc8 28.
Rg5 Qa7+ 29. Kh1 Ra6 30. Ba3 f6 31. Rh5 Ng4 32. c5 N4e5 33. Bb5 Rd8 34. Nc4 Ra5
35. Nxe5 Nxe5 36. Rxf6 Rxb5 37. Qxe5 b2 38. Bxb2 a3 39. Rd6 Rf8 40. Rf5 Bxf5 0-1

[Event "7th Sunway Sitges 2020"]
[Site "Sitges ESP"]
[Date "2020.12.23"]
[Round "10.21"]
[White "Garriga Cazorla, Pere"]
[Black "Carbonell Sancho, Marc"]
[Result "1-0"]
[WhiteTitle "IM"]
[WhiteElo "2487"]
[BlackElo "2318"]
[WhiteFideId "32011601"]
[BlackFideId "32029969"]
[EventDate "2020.12.13"]

1. d4 Nf6 2. c4 g6 3. Nc3 Bg7 4. e4 d6 5. h3 O-O 6. Be3 e5 7. d5 a5 8. g4 Na6 9.
Nge2 h5 10. f3 Nd7 11. Qd2 Ndc5 12. O-O-O h4 13. Kb1 Bd7 14. Rg1 a4 15. Nb5 Qe7
16. Nec3 Rfd8 17. Nxc7 Nxc7 18. Bxc5 dxc5 19. d6 Bc6 20. dxe7 Rxd2 21. Rxd2 Ne6
22. g5 Nd4 23. Rxd4 exd4 24. Nd5 Be5 25. f4 Bxd5 26. cxd5 Bd6 27. e5 Bxe7 28. d6
Bd8 29. Bc4 Kg7 30. Re1 Ba5 31. Re2 Re8 32. Kc2 a3 33. bxa3 Kf8 34. Kd3 Bc3 35.
a4 Ra8 36. Bb5 Rd8 37. Kc4 Bb4 38. Kd5 Ba3 39. e6 fxe6+ 40. Rxe6 Kf7 41. Bd3 Kf8
42. Rf6+ 1-0

[Event "7th Sunway Sitges 2020"]
[Site "Sitges ESP"]
[Date "2020.12.23"]
[Round "10.22"]
[White "Asis Gargatagli, Hipolito"]
[Black "Dalaud, Dorian"]
[Result "1-0"]
[WhiteTitle "GM"]
[WhiteElo "2470"]
[BlackElo "2291"]
[WhiteFideId "2260735"]
[BlackFideId "36093270"]
[EventDate "2020.12.13"]

1. e4 c5 2. c3 e6 3. d4 d5 4. e5 Nc6 5. Nf3 Qb6 6. Bd3 Bd7 7. O-O cxd4 8. Re1
Nge7 9. h4 O-O-O 10. Na3 Kb8 11. Nb5 Nc8 12. Nbxd4 Nxd4 13. Nxd4 Be7 14. Qg4 h5
15. Qg3 Rdg8 16. a4 a6 17. Re2 Qd8 18. Nf3 Nb6 19. b3 d4 20. c4 Bc6 21. Ng5 Be8
22. Bd2 Qc7 23. Nf3 Qd8 24. a5 Nc8 25. b4 Na7 26. Rb1 Ka8 27. b5 Bc5 28. Ng5
axb5 29. cxb5 Qd5 30. a6 Bxb5 31. axb7+ Kb8 32. Bxb5 Nxb5 33. Rxb5 d3 34. Re3
Qc6 35. Rxc5 Qxc5 36. Nxf7 Rh7 37. Qg6 1-0

[Event "7th Sunway Sitges 2020"]
[Site "Sitges ESP"]
[Date "2020.12.23"]
[Round "10.23"]
[White "Gatineau, Yovann"]
[Black "Ortega Ruiz, Jose Miguel"]
[Result "0-1"]
[WhiteTitle "IM"]
[BlackTitle "FM"]
[WhiteElo "2423"]
[BlackElo "2251"]
[WhiteFideId "26028999"]
[BlackFideId "2209713"]
[EventDate "2020.12.13"]

1. d4 Nf6 2. Bf4 g6 3. Nc3 d5 4. e3 Bg7 5. h4 c6 6. Be2 h6 7. Nf3 Be6 8. Qd2
Nbd7 9. Ne5 Nxe5 10. Bxe5 Qc8 11. O-O-O b5 12. Bd3 a5 13. Ne2 Bf5 14. Nf4 h5 15.
f3 Bh6 16. Rde1 Kf8 17. Rhf1 Bxf4 18. Bxf4 Bxd3 19. Qxd3 Qf5 20. Qd2 Nd7 21. e4
Qe6 22. Kb1 Nb6 23. b3 Ra7 24. Bh6+ Kg8 25. g4 hxg4 26. Qf4 Kh7 27. fxg4 dxe4
28. Rxe4 Nd5 29. Rxe6 Nxf4 30. Rxc6 Nd5 31. Bd2 Kg7 32. h5 gxh5 33. gxh5 Rxh5
34. Rg1+ Kh7 35. Rc8 Nf6 36. Rf8 e6 37. Bxa5 Rh6 38. Bd8 Nd5 39. Rfg8 f5 40. Kb2
b4 41. R8g2 Rh3 42. Ra1 f4 43. a3 Ne3 44. Rd2 bxa3+ 45. Ka2 Nd5 46. Rf1 Kg6 47.
Rg2+ Rg3 48. Rxg3+ fxg3 49. Rg1 Nb4+ 50. Ka1 Nxc2+ 51. Ka2 Nb4+ 52. Ka1 Kf5 53.
Bb6 Rh7 54. Bc5 g2 55. d5 Rh1 56. d6 Kf6 57. Rb1 a2 58. Rg1 Kf7 59. Kb2 Ke8 60.
Bd4 Kd7 61. Rxg2 a1=Q# 0-1

[Event "7th Sunway Sitges 2020"]
[Site "Sitges ESP"]
[Date "2020.12.23"]
[Round "10.25"]
[White "Garcia Jimenez, Francisco Javier"]
[Black "Valenzuela Gomez, Fernando"]
[Result "1/2-1/2"]
[WhiteTitle "FM"]
[BlackTitle "IM"]
[WhiteElo "2288"]
[BlackElo "2390"]
[WhiteFideId "2231590"]
[BlackFideId "3409392"]
[EventDate "2020.12.13"]

1. c4 e6 2. b3 d5 3. Bb2 d4 4. g3 Nc6 5. Bg2 Nf6 6. d3 e5 7. Nf3 Bc5 8. O-O O-O
9. Ba3 Bxa3 10. Nxa3 Re8 11. Nc2 Qd6 12. Qd2 a5 13. a3 h6 14. b4 Bf5 15. Nh4 Bh7
16. Rfb1 g5 17. Bxc6 bxc6 18. Nf3 a4 19. h4 g4 20. Nfe1 Kg7 21. e4 dxe3 22. Nxe3
Rad8 23. Rd1 h5 24. Qc2 Nd7 25. Qxa4 f5 26. Qb3 c5 27. Qc3 Kg8 28. b5 Nf6 29. a4
f4 30. Nf1 Nd7 31. a5 Nf8 32. a6 Ne6 33. Nc2 Bxd3 34. Ne1 e4 35. Nxd3 exd3 36.
a7 Nd4 37. Qxd3 Qf6 38. Ra6 Qxa6 39. bxa6 Nf3+ 40. Kh1 Rxd3 41. Rxd3 Ra8 42.
gxf4 Rxa7 43. Ra3 Kf7 44. Ng3 Nxh4 45. Nxh5 Nf5 46. Ng3 Nd6 47. Ra5 Nxc4 48.
Rxc5 Nd6 49. Nf5 Nxf5 50. Rxf5+ Ke6 51. Ra5 c5 52. Kg2 c4 53. Kg3 c3 54. Kxg4 c2
55. Rc5 Rxa6 56. f5+ Kf6 57. Rxc2 Ra4+ 58. f4 Ra1 59. Rc6+ Kf7 60. f6 Ra5 61.
Rb6 Rc5 62. f5 Rc1 63. Kf4 1/2-1/2